<?xml version="1.0" encoding="UTF-8"?>
<resp>
  <nextPage>https://data.bn.org.pl/api/networks/bibs.marcxml?marc=001+b00001150002281&amp;sinceId=1150002282</nextPage>
  <collection>
    <record xmlns='http://www.loc.gov/MARC21/slim'><leader>01087namZa2200337ZiZ4500</leader><controlfield tag='001'>b00001150002281</controlfield><controlfield tag='005'>20260403094846.4</controlfield><controlfield tag='008'>230609s        pl           |000 0 pol c</controlfield><controlfield tag='009'>9913261850405606</controlfield><datafield ind1=' ' ind2=' ' tag='020'><subfield code='a'>8385558039</subfield></datafield><datafield ind1=' ' ind2=' ' tag='035'><subfield code='a'>KR_1KR_1_20120317232923031821-48omnis_kr</subfield></datafield><datafield ind1=' ' ind2=' ' tag='035'><subfield code='a'>KR_1_20120317232923031821</subfield><subfield code='9'>ExL</subfield></datafield><datafield ind1=' ' ind2=' ' tag='035'><subfield code='a'>(PL)b00001150002281</subfield></datafield><datafield ind1=' ' ind2=' ' tag='040'><subfield code='a'>KR_1</subfield><subfield code='c'>KR_1</subfield></datafield><datafield ind1='1' ind2=' ' tag='041'><subfield code='a'>pol</subfield><subfield code='h'>ger</subfield></datafield><datafield ind1='1' ind2=' ' tag='100'><subfield code='a'>Görgens, Alfred</subfield></datafield><datafield ind1='1' ind2='0' tag='245'><subfield code='a'>Pełnowartościowa kuchnia dla samotnych :</subfield><subfield code='b'>rozpieszczajmy się w zdrowy sposób /</subfield><subfield code='c'>Alfred Gorgens ; [przekł. Anna Woźnica].</subfield></datafield><datafield ind1=' ' ind2=' ' tag='260'><subfield code='a'>Warszawa :</subfield><subfield code='b'>Warszawski Dom Wydawniczy,</subfield><subfield code='c'>[1993].</subfield></datafield><datafield ind1=' ' ind2=' ' tag='300'><subfield code='a'>64 s. :</subfield><subfield code='b'>fot. kolor. ;</subfield><subfield code='c'>22 cm.</subfield></datafield><datafield ind1='1' ind2=' ' tag='490'><subfield code='a'>Smakosz</subfield></datafield><datafield ind1=' ' ind2=' ' tag='500'><subfield code='a'>n</subfield></datafield><datafield ind1=' ' ind2=' ' tag='504'><subfield code='a'>Indeks.</subfield></datafield><datafield ind1=' ' ind2='9' tag='650'><subfield code='a'>Kucharstwo</subfield></datafield><datafield ind1='1' ind2=' ' tag='700'><subfield code='a'>Woźnica, Anna</subfield><subfield code='e'>Tł.</subfield></datafield><datafield ind1=' ' ind2=' ' tag='852'><subfield code='b'>48OMNIS_NETWORK</subfield><subfield code='8'>9913261850405606</subfield></datafield><datafield ind1=' ' ind2=' ' tag='852'><subfield code='b'>48OMNIS_KPS</subfield><subfield code='8'>990000449210208415</subfield></datafield><datafield ind1=' ' ind2=' ' tag='852'><subfield code='8'>22772675940008415</subfield><subfield code='j'>1</subfield><subfield code='b'>KP</subfield><subfield code='p'>000027058749</subfield><subfield code='c'>WG</subfield><subfield code='z'>641 MAG</subfield></datafield><datafield ind1=' ' ind2=' ' tag='920'><subfield code='a'>83-85558-03-9</subfield></datafield></record>
  </collection>
</resp>
